000 00369cam a2200169 4500
001 D13655
008 090401t1939 xxu||||| |||| 00| 0 eng d
035 _a(Sirsi) u11019
041 _aeng
100 _aPugsley, A.J.
245 _aDewponds in fable and fact
260 _bCountry Life
_c1939
300 _a62p
350 _a0
942 _n0
948 _c04/03/1997
999 _c86795
_d86795